| 000 | 00390nam a2200157Ia 4500 | ||
|---|---|---|---|
| 008 | 221030s9999 xx 000 0 und d | ||
| 020 | _a8178298658 | ||
| 041 | _aEnglish | ||
| 082 | _a105.23 | ||
| 100 | _aD. W. Conklin | ||
| 245 | 0 |
_aCases in the Environment of Business _cby D. W. Conklin |
|
| 260 |
_bSage Pub. _aNew Delhi _c2009 |
||
| 300 | _a605 | ||
| 650 | _aCase Study | ||
| 942 | _cBK | ||
| 999 |
_c8795 _d8795 |
||